Engineering electromagnetics (Record no. 3963)

000 -LEADER
fixed length control field 00510nam a2200193 i 4500
001 - CONTROL NUMBER
control field 3963
003 - CONTROL NUMBER IDENTIFIER
control field BD-DhUET
008 - FIXED-LENGTH DATA ELEMENTS--GENERAL INFORMATION
fixed length control field 800401s1981 nyua b 001 0 eng
020 ## - INTERNATIONAL STANDARD BOOK NUMBER
International Standard Book Number 0070273952
040 ## - CATALOGING SOURCE
Original cataloging agency DLC
Transcribing agency DLC
Modifying agency BD-DhUET
082 00 - DEWEY DECIMAL CLASSIFICATION NUMBER
Classification number 530.41
Item number HAY/1981
100 ## - MAIN ENTRY--PERSONAL NAME
Personal name Hayt, William H.
245 10 - TITLE STATEMENT
Title Engineering electromagnetics
Statement of responsibility, etc. by William H. Hayt
250 ## - EDITION STATEMENT
Edition statement 4th ed.
260 ## - PUBLICATION, DISTRIBUTION, ETC. (IMPRINT)
Place of publication, distribution, etc. New York
Name of publisher, distributor, etc. McGraw-Hill
Date of publication, distribution, etc. 1981
300 ## - PHYSICAL DESCRIPTION
Extent xiii, 527 p.
Other physical details ill.
Dimensions 25 cm.
650 #0 - SUBJECT ADDED ENTRY--TOPICAL TERM
Topical term or geographic name as entry element Electromagnetic theory
942 ## - ADDED ENTRY ELEMENTS (KOHA)
Koha item type General Book
Holdings
Source of classification or shelving scheme Date acquired Piece designation (barcode) Sublocation or collection (holding branch) Damaged status Koha full call number Not for loan Koha normalized classification for sorting Shelving location Price effective from Lost status Koha item type Withdrawn status Koha date last seen Copy number Location (home branch)
 2014-11-1079758Central Library, BUET 530.41/HAY/1981 530_000000000000000_41HAY1981Circulation section2014-11-10 General Book 2014-11-101Central Library, BUET
 2014-11-1079759Central Library, BUET 530.41/HAY/1981 530_000000000000000_41HAY1981Circulation section2014-11-10 General Book 2014-11-102Central Library, BUET
 2014-11-2979757Central Library, BUET 530.41/HAY/1981 530_410000000000000_HAY_1981Circulation section2014-11-29 General Book 2014-11-293Central Library, BUET
 2014-11-2979756Central Library, BUET 530.41/HAY/1981 530_000000000000000_41HAY1981Circulation section2014-11-29 General Book 2014-11-294Central Library, BUET
 2015-06-1179760Central Library, BUET 530.41/HAY/1981 530_410000000000000_HAY_1981Reading section2015-06-11 Reading Item 2015-06-115Central Library, BUET